[Event "GER-ch U25-B"]
[Site "Willingen"]
[Date "2019.06.15"]
[Round "9"]
[White "Werner, Tom"]
[Black "Schmied, Elias"]
[Result "1/2-1/2"]
[WhiteElo "1772"]
[BlackElo "1669"]
[PlyCount "53"]
[EventDate "2019.06.08"]
[EventType "swiss"]
[EventRounds "9"]
[EventCountry "GER"]
[SourceTitle "EXT 2020"]
[Source "ChessBase"]
[SourceDate "2019.10.17"]
[SourceVersion "1"]
[SourceVersionDate "2019.10.17"]
[SourceQuality "1"]

1. c4 c6 2. g3 d5 3. Bg2 Bf5 4. Nf3 e6 5. 0-0 Nf6 6. b3 Be7 7. d4 0-0 8. Nc3 Nbd7 9. Nh4 Bg4 10. h3 Bh5 11. Bf4 Ne4 12. Nxe4 dxe4 13. Bxe4 Bxh4 14. gxh4 Qxh4 15. Qd2 Qxh3 16. Bg2 Qg4 17. f3 Qh4 18. Bg5 Qg3 19. Bf4 Qg6 20. Kf2 f6 21. Bh3 Qf7 22. Rg1 Rfe8 23. Bh6 Bg6 24. Bf4 Nb6 25. a4 a5 26. Qe3 Nd7 27. Rad1 1/2-1/2